000 00590nam a2200253Ia 4500
005 20260306154341.0
008 008 260114s9999 xx 000 0 eng d
020 _a9781009472043
037 _aEBOOK
040 _aCRL
040 _beng
040 _cCRL
041 _2eng
041 _aeng
084 _qCRL
100 _aCupchik
_9895418
245 0 _aLandscapes of the Imagination
260 _bCambridge University Press
260 _c2024
650 _a Psychology
856 _uhttps://doi.org/10.1017/9781009472043
942 _cEBOOK
999 _c1707180
_d1707180